{"text_format":"3","workbook":"xlsx","n_sheets":1,"sheets":["t477"],"read":"whole","date_system":"1900"}

{"sheet":"t477","index":0,"n_rows":189,"n_cols":7,"rows_kept":189,"merged":[[0,0,0,6],[28,0,28,5],[43,0,43,5],[157,0,157,5]]}
["TABELA 477.1 - Estatísticas Agrícolas, Município de Ribeirão Corrente, Estado de São Paulo, 2016/17."]
["ITEM","UNIDADE","N.DE UPAs","MÍNIMO","MÉDIO","MÁXIMO","TOTAL"]
["Distância à sede do município","km",370,{"v":0,"d":"0.0"},{"v":6.25,"d":"6.3"},{"v":17,"d":"17.0"},"-"]
["Área total","hectare",370,2.1,{"v":40.07,"d":"40.1"},{"v":528,"d":"528.0"},{"v":14826.9,"d":"14,826.9"}]
["Área com cultura perene","hectare",313,0.7,{"v":22.57,"d":"22.6"},266.6,{"v":7063.1,"d":"7,063.1"}]
["Área com cultura temporária","hectare",80,0.4,{"v":41.14,"d":"41.1"},{"v":465,"d":"465.0"},{"v":3291,"d":"3,291.0"}]
["Área com pastagem","hectare",170,0.2,{"v":10.67,"d":"10.7"},136.7,{"v":1813.6,"d":"1,813.6"}]
["Área com reflorestamento","hectare",24,0.2,{"v":5.21,"d":"5.2"},47.9,{"v":125,"d":"125.0"}]
["Área com vegetação natural","hectare",286,0.1,{"v":7.13,"d":"7.1"},{"v":92,"d":"92.0"},{"v":2038,"d":"2,038.0"}]
["Área com vegetação de brejo e várzea","hectare",5,0.5,2.3,7.2,11.5]
["Área em descanso","hectare","-","-","-","-",{"v":0,"d":"0.0"}]
["Área complementar","hectare",293,0.1,{"v":1.65,"d":"1.7"},62.4,484.7]
["Área das UPAs com (0, 1] ha","hectare","-","-","-","-","-"]
["Área das UPAs com (1, 2] ha","hectare","-","-","-","-","-"]
["Área das UPAs com (2, 5] ha","hectare",36,2.1,{"v":3.68,"d":"3.7"},4.9,132.3]
["Área das UPAs com (5, 10] ha","hectare",57,5.3,{"v":8.14,"d":"8.1"},{"v":10,"d":"10.0"},464.2]
["Área das UPAs com (10, 20] ha","hectare",76,10.5,{"v":15.16,"d":"15.2"},19.9,{"v":1152.5,"d":"1,152.5"}]
["Área das UPAs com (20, 50] ha","hectare",113,20.1,{"v":30.63,"d":"30.6"},49.8,{"v":3460.7,"d":"3,460.7"}]
["Área das UPAs com (50, 100] ha","hectare",56,50.1,{"v":69.99,"d":"70.0"},99.2,{"v":3919.2,"d":"3,919.2"}]
["Área das UPAs com (100, 200] ha","hectare",23,101.6,{"v":132.25,"d":"132.3"},193.7,{"v":3041.7,"d":"3,041.7"}]
["Área das UPAs com (200, 500] ha","hectare",8,217.8,{"v":266.04,"d":"266.0"},364.4,{"v":2128.3,"d":"2,128.3"}]
["Área das UPAs com (500, 1.000] ha","hectare",1,{"v":528,"d":"528.0"},{"v":528,"d":"528.0"},{"v":528,"d":"528.0"},{"v":528,"d":"528.0"}]
["Área das UPAs com (1.000, 2.000] ha","hectare","-","-","-","-","-"]
["Área das UPAs com (2.000, 5.000] ha","hectare","-","-","-","-","-"]
["Área das UPAs com (5.000, 10.000] ha","hectare","-","-","-","-","-"]
["Área das UPAs acima de 10.000 ha","hectare","-","-","-","-","-"]
["Fonte: Secretaria de Agricultura e Abastecimento, CDRS/IEA, Projeto LUPA."]
[]
["TABELA 477.2 - Explorações Animais, Município de Ribeirão Corrente, Estado de São Paulo, 2016/17."]
["ITEM","UNIDADE","N.DE UPAs","MÍNIMO","MÉDIO","MÁXIMO","TOTAL"]
["Asininos e muares","cabecas",4,{"v":1,"d":"1.0"},{"v":1.75,"d":"1.8"},{"v":4,"d":"4.0"},{"v":7,"d":"7.0"}]
["Avestruzes e ema (criadouro)","cabecas",1,{"v":100,"d":"100.0"},{"v":100,"d":"100.0"},{"v":100,"d":"100.0"},{"v":100,"d":"100.0"}]
["Avicultura de corte","cabecas/ano",4,{"v":150000,"d":"150,000.0"},{"v":636300,"d":"636,300.0"},{"v":1200000,"d":"1,200,000.0"},{"v":2545200,"d":"2,545,200.0"}]
["Avicultura ornamental/decorativa/exotica","cabecas",110,{"v":3,"d":"3.0"},{"v":59.45,"d":"59.5"},{"v":300,"d":"300.0"},{"v":6540,"d":"6,540.0"}]
["Bovinocultura de corte","cabecas",47,{"v":1,"d":"1.0"},{"v":47.68,"d":"47.7"},{"v":409,"d":"409.0"},{"v":2241,"d":"2,241.0"}]
["Bovinocultura leiteira","cabecas",33,{"v":1,"d":"1.0"},{"v":20.36,"d":"20.4"},{"v":110,"d":"110.0"},{"v":672,"d":"672.0"}]
["Bovinocultura mista","cabecas",23,{"v":1,"d":"1.0"},{"v":19.04,"d":"19.0"},{"v":80,"d":"80.0"},{"v":438,"d":"438.0"}]
["Equinocultura","cabecas",42,{"v":1,"d":"1.0"},{"v":3,"d":"3.0"},{"v":20,"d":"20.0"},{"v":126,"d":"126.0"}]
["Ovinocultura","cabecas",2,{"v":3,"d":"3.0"},6.5,{"v":10,"d":"10.0"},{"v":13,"d":"13.0"}]
["Piscicultura","m2 tanques",3,{"v":1000,"d":"1,000.0"},{"v":40666.67,"d":"40,666.7"},{"v":111000,"d":"111,000.0"},{"v":122000,"d":"122,000.0"}]
["Suinocultura","cabecas",55,{"v":1,"d":"1.0"},10.2,{"v":60,"d":"60.0"},{"v":561,"d":"561.0"}]
["Fonte: Secretaria de Agricultura e Abastecimento, CDRS/IEA, Projeto LUPA."]
[]
["TABELA 477.3 -  Máquinas, Implementos e Benfeitorias, Município de Ribeirão Corrente, Estado de São Paulo, 2016/17."]
["ITEM","UNIDADE","N.DE UPAs","MÍNIMO","MÉDIO","MÁXIMO","TOTAL"]
["Arado comum (bacia, aiveca)","unidade",60,{"v":1,"d":"1.0"},{"v":1.07,"d":"1.1"},{"v":2,"d":"2.0"},{"v":64,"d":"64.0"}]
["Arado escarificador","unidade",2,{"v":1,"d":"1.0"},{"v":1,"d":"1.0"},{"v":1,"d":"1.0"},{"v":2,"d":"2.0"}]
["Arado subsolador","unidade",41,{"v":1,"d":"1.0"},1.1,{"v":2,"d":"2.0"},{"v":45,"d":"45.0"}]
["Batedeira de cereais","unidade",1,{"v":1,"d":"1.0"},{"v":1,"d":"1.0"},{"v":1,"d":"1.0"},{"v":1,"d":"1.0"}]
["Camara fria","unidade",1,{"v":1,"d":"1.0"},{"v":1,"d":"1.0"},{"v":1,"d":"1.0"},{"v":1,"d":"1.0"}]
["Carreta de trator","unidade",123,{"v":1,"d":"1.0"},{"v":2.06,"d":"2.1"},{"v":10,"d":"10.0"},{"v":253,"d":"253.0"}]
["Colhedeira acoplada","unidade",18,{"v":1,"d":"1.0"},{"v":1.17,"d":"1.2"},{"v":2,"d":"2.0"},{"v":21,"d":"21.0"}]
["Colhedeira automotriz","unidade",15,{"v":1,"d":"1.0"},1.4,{"v":4,"d":"4.0"},{"v":21,"d":"21.0"}]
["Computador","unidade",24,{"v":1,"d":"1.0"},{"v":1.21,"d":"1.2"},{"v":3,"d":"3.0"},{"v":29,"d":"29.0"}]
["Conj.irrigacao autopropelido","unidade",1,{"v":1,"d":"1.0"},{"v":1,"d":"1.0"},{"v":1,"d":"1.0"},{"v":1,"d":"1.0"}]
["Conj.irrigacao convencional","unidade",7,{"v":1,"d":"1.0"},{"v":1,"d":"1.0"},{"v":1,"d":"1.0"},{"v":7,"d":"7.0"}]
["Conj.irrigacao/gotejamento/microaspersao","unidade",30,{"v":1,"d":"1.0"},{"v":1.03,"d":"1.0"},{"v":2,"d":"2.0"},{"v":31,"d":"31.0"}]
["Desintegrador de palha (plantio direto)","unidade",45,{"v":1,"d":"1.0"},1.2,{"v":6,"d":"6.0"},{"v":54,"d":"54.0"}]
["Desintegrador, picador, triturador","unidade",96,{"v":1,"d":"1.0"},{"v":1.08,"d":"1.1"},{"v":2,"d":"2.0"},{"v":104,"d":"104.0"}]
["Distribuidor de calcario","unidade",94,{"v":1,"d":"1.0"},{"v":1.13,"d":"1.1"},{"v":5,"d":"5.0"},{"v":106,"d":"106.0"}]
["Ensiladeira","unidade",23,{"v":1,"d":"1.0"},{"v":1.13,"d":"1.1"},{"v":2,"d":"2.0"},{"v":26,"d":"26.0"}]
["Grade aradora (tipo romi)","unidade",18,{"v":1,"d":"1.0"},{"v":1.06,"d":"1.1"},{"v":2,"d":"2.0"},{"v":19,"d":"19.0"}]
["Grade niveladora","unidade",50,{"v":1,"d":"1.0"},{"v":1.06,"d":"1.1"},{"v":3,"d":"3.0"},{"v":53,"d":"53.0"}]
["Implementos para tracao animal","unidade",10,{"v":1,"d":"1.0"},1.5,{"v":4,"d":"4.0"},{"v":15,"d":"15.0"}]
["Misturador de racao","unidade",1,{"v":1,"d":"1.0"},{"v":1,"d":"1.0"},{"v":1,"d":"1.0"},{"v":1,"d":"1.0"}]
["Mmicrotrator","unidade",14,{"v":1,"d":"1.0"},{"v":1.07,"d":"1.1"},{"v":2,"d":"2.0"},{"v":15,"d":"15.0"}]
["Ordenhadeira mecanica","unidade",5,{"v":1,"d":"1.0"},{"v":1,"d":"1.0"},{"v":1,"d":"1.0"},{"v":5,"d":"5.0"}]
["Pulverizador tratorizado","unidade",128,{"v":1,"d":"1.0"},{"v":1.79,"d":"1.8"},{"v":10,"d":"10.0"},{"v":229,"d":"229.0"}]
["Resfriador de leite, tanque expansao","unidade",11,{"v":1,"d":"1.0"},{"v":1.27,"d":"1.3"},{"v":3,"d":"3.0"},{"v":14,"d":"14.0"}]
["Roçadeira costal","unidade",61,{"v":1,"d":"1.0"},{"v":1.18,"d":"1.2"},{"v":5,"d":"5.0"},{"v":72,"d":"72.0"}]
["Roçadeira tratorizada","unidade",117,{"v":1,"d":"1.0"},{"v":1.54,"d":"1.5"},{"v":8,"d":"8.0"},{"v":180,"d":"180.0"}]
["Roçadora","unidade",6,{"v":1,"d":"1.0"},{"v":1.17,"d":"1.2"},{"v":2,"d":"2.0"},{"v":7,"d":"7.0"}]
["Semeadeira/adubadeira para plantio convencional","unidade",25,{"v":1,"d":"1.0"},{"v":1.08,"d":"1.1"},{"v":2,"d":"2.0"},{"v":27,"d":"27.0"}]
["Semeadeira/plantadeira plantio direto","unidade",16,{"v":1,"d":"1.0"},{"v":1,"d":"1.0"},{"v":1,"d":"1.0"},{"v":16,"d":"16.0"}]
["Tecnologias de gps para controle de máquinas","unidade",1,{"v":2,"d":"2.0"},{"v":2,"d":"2.0"},{"v":2,"d":"2.0"},{"v":2,"d":"2.0"}]
["Terraceador","unidade",1,{"v":1,"d":"1.0"},{"v":1,"d":"1.0"},{"v":1,"d":"1.0"},{"v":1,"d":"1.0"}]
["Trator de pneus  acima de 85 cv","unidade",23,{"v":1,"d":"1.0"},{"v":1.17,"d":"1.2"},{"v":3,"d":"3.0"},{"v":27,"d":"27.0"}]
["Trator de pneus até 65 cv","unidade",145,{"v":1,"d":"1.0"},{"v":2.09,"d":"2.1"},{"v":22,"d":"22.0"},{"v":303,"d":"303.0"}]
["Trator de pneus de 66 cv a 85 cv","unidade",63,{"v":1,"d":"1.0"},{"v":1.76,"d":"1.8"},{"v":5,"d":"5.0"},{"v":111,"d":"111.0"}]
["Acude/represa","unidade",111,{"v":1,"d":"1.0"},{"v":1.95,"d":"2.0"},{"v":20,"d":"20.0"},{"v":216,"d":"216.0"}]
["Adega cantina","unidade",2,{"v":1,"d":"1.0"},{"v":1,"d":"1.0"},{"v":1,"d":"1.0"},{"v":2,"d":"2.0"}]
["Almoxarifado/oficina","unidade",46,{"v":1,"d":"1.0"},{"v":1,"d":"1.0"},{"v":1,"d":"1.0"},{"v":46,"d":"46.0"}]
["Armazem para graos ensacados","sacas",30]
["Balanca para bovinos","unidade",4,{"v":1,"d":"1.0"},{"v":1,"d":"1.0"},{"v":1,"d":"1.0"},{"v":4,"d":"4.0"}]
["Balanca para veiculos","unidade",2,{"v":1,"d":"1.0"},{"v":1,"d":"1.0"},{"v":1,"d":"1.0"},{"v":2,"d":"2.0"}]
["Barracao para granja/avicultura","unidade",5,{"v":1,"d":"1.0"},2.4,{"v":4,"d":"4.0"},{"v":12,"d":"12.0"}]
["Barracao/galpao/garagem","unidade",165,{"v":1,"d":"1.0"},{"v":1.04,"d":"1.0"},{"v":3,"d":"3.0"},{"v":171,"d":"171.0"}]
["Casa de moradia habitada","unidade",215,{"v":1,"d":"1.0"},{"v":1.53,"d":"1.5"},{"v":11,"d":"11.0"},{"v":328,"d":"328.0"}]
["Casa de moradia total","unidade",266,{"v":1,"d":"1.0"},{"v":1.85,"d":"1.9"},{"v":13,"d":"13.0"},{"v":492,"d":"492.0"}]
["Curral/mangueira","unidade",131,{"v":1,"d":"1.0"},{"v":1.02,"d":"1.0"},{"v":2,"d":"2.0"},{"v":133,"d":"133.0"}]
["Deposito/tulha","unidade",131,{"v":1,"d":"1.0"},{"v":1.08,"d":"1.1"},{"v":7,"d":"7.0"},{"v":141,"d":"141.0"}]
["Estabulo","unidade",20,{"v":1,"d":"1.0"},{"v":1,"d":"1.0"},{"v":1,"d":"1.0"},{"v":20,"d":"20.0"}]
["Estufa/plasticultura","m2",1]
["Fabrica de racao","unidade",1,{"v":1,"d":"1.0"},{"v":1,"d":"1.0"},{"v":1,"d":"1.0"},{"v":1,"d":"1.0"}]
["Instalacoes para equinos","unidade",4,{"v":1,"d":"1.0"},{"v":1,"d":"1.0"},{"v":1,"d":"1.0"},{"v":4,"d":"4.0"}]
["Maquina de beneficio","unidade",53,{"v":1,"d":"1.0"},{"v":1.04,"d":"1.0"},{"v":2,"d":"2.0"},{"v":55,"d":"55.0"}]
["Pocilga","unidade",69,{"v":1,"d":"1.0"},{"v":1.01,"d":"1.0"},{"v":2,"d":"2.0"},{"v":70,"d":"70.0"}]
["Poco semi-artesiano","unidade",82,{"v":1,"d":"1.0"},{"v":1.05,"d":"1.1"},{"v":2,"d":"2.0"},{"v":86,"d":"86.0"}]
["Secador de graos","unidade",32,{"v":1,"d":"1.0"},{"v":1.47,"d":"1.5"},{"v":5,"d":"5.0"},{"v":47,"d":"47.0"}]
["Silo para graos","ton",4]
["Silo para silagem","ton",8]
["Terreiro","m2",168]
["Usina de acucar/destilaria","unidade",1,{"v":1,"d":"1.0"},{"v":1,"d":"1.0"},{"v":1,"d":"1.0"},{"v":1,"d":"1.0"}]
["Fonte: Secretaria de Agricultura e Abastecimento, CDRS/IEA, Projeto LUPA."]
[]
["TABELA 477.4 - Outras Estatísticas Agrícolas, Município de Ribeirão Corrente, Estado de São Paulo, 2016/17."]
["ITEM","Número de UPAs",null,"Percentual"]
["Faz Parte de Associação de Produtores",26,null,{"v":7.027027027027026,"d":"7.0"}]
["Faz Parte de Cooperativa de Produtores",176,null,{"v":47.56756756756757,"d":"47.6"}]
["Faz Parte do Sindicato de Produtores",94,null,{"v":25.405405405405403,"d":"25.4"}]
["Não utiliza assistência técnica ",151,null,{"v":40.810810810810814,"d":"40.8"}]
["Utiliza somente assistência técnica governamental ",11,null,{"v":2.972972972972973,"d":"3.0"}]
["Utiliza somente assistência técnica privada ",204,null,{"v":55.13513513513514,"d":"55.1"}]
["Utiliza assistência técnica tanto governamental quanto privada",4,null,{"v":1.081081081081081,"d":"1.1"}]
["Utiliza Crédito Rural",168,null,{"v":45.40540540540541,"d":"45.4"}]
["Utiliza Seguro Rural",126,null,{"v":34.05405405405405,"d":"34.1"}]
["Utiliza Escrituração Agrícola",77,null,{"v":20.81081081081081,"d":"20.8"}]
["Acessa Internet p/ Fins na Agropecuária",71,null,{"v":19.18918918918919,"d":"19.2"}]
["Utiliza Computador nas Atividades Agropecuárias",66,null,{"v":17.83783783783784,"d":"17.8"}]
["Utiliza Energia Elétrica Para Uso na Atividade Agrícola",285,null,{"v":77.02702702702703,"d":"77.0"}]
["Utiliza Energia Alternativa",2,null,{"v":0.5405405405405405,"d":"0.5"}]
["Realiza Análise de Solo, quando necessário",311,null,{"v":84.05405405405405,"d":"84.1"}]
["Realiza Calagem",314,null,{"v":84.86486486486487,"d":"84.9"}]
["Utiliza Práticas de Conservação de Solo, quando necessário",324,null,{"v":87.56756756756756,"d":"87.6"}]
["Faz Adubação Mineral, quando necessário",328,null,{"v":88.64864864864865,"d":"88.6"}]
["Faz Adubação Orgânica, quando necessário",265,null,{"v":71.62162162162161,"d":"71.6"}]
["Faz Adubação Verde, quando necessário",178,null,{"v":48.10810810810811,"d":"48.1"}]
["Utiliza Manejo Integrado de Pragas (MIP)",8,null,{"v":2.162162162162162,"d":"2.2"}]
["Utiliza Hidroponia","-",null,"-"]
["Utiliza Cultivo em Estufa",2,null,{"v":0.5405405405405405,"d":"0.5"}]
["Utiliza Mudas Fiscalizadas",300,null,{"v":81.08108108108108,"d":"81.1"}]
["Utiliza Semente Melhorada",44,null,{"v":11.891891891891893,"d":"11.9"}]
["Faz Confinamento de Bovinos",4,null,{"v":1.081081081081081,"d":"1.1"}]
["Utiliza Pastejo Intensivo",16,null,{"v":4.324324324324324,"d":"4.3"}]
["Faz Inseminação Artificial",4,null,{"v":1.081081081081081,"d":"1.1"}]
["Faz Mineralização do Rebanho",90,null,{"v":24.324324324324323,"d":"24.3"}]
["Faz Vermifugação do Rebanho",90,null,{"v":24.324324324324323,"d":"24.3"}]
["Possui Parceiros /Arrendatários na Exploração Animal",16,null,{"v":4.324324324324324,"d":"4.3"}]
["Existência de trabalhadores c/ deficiência na UPA",8,null,{"v":2.162162162162162,"d":"2.2"}]
["Esporte e lazer",3,null,{"v":0.8108108108108109,"d":"0.8"}]
["Extração mineral","-",null,"-"]
["Hotel Fazenda, Pousada ou SPA","-",null,"-"]
["Pesque-pague","-",null,"-"]
["Restaurante ou Lanchonete","-",null,"-"]
["Transformação artesanal","-",null,"-"]
["Turismo rural ou ecoturismo","-",null,"-"]
["Outras atividades econômicas rurais",1,null,{"v":0.27027027027027023,"d":"0.3"}]
["Agroindústria","-",null,"-"]
["Proprietário sem instrução ou com instrução incompleta",1,null,{"v":0.27027027027027023,"d":"0.3"}]
["Proprietário com antigo primário completo",5,null,{"v":1.3513513513513513,"d":"1.4"}]
["Proprietário com 1° grau (ou antigo ginasial) completo",203,null,{"v":54.86486486486486,"d":"54.9"}]
["Proprietário com 2° grau (ou antigo colegial) completo",69,null,{"v":18.64864864864865,"d":"18.6"}]
["Proprietário com curso superior completo ",92,null,{"v":24.864864864864863,"d":"24.9"}]
["Pessoa Jurídica","-",null,"-"]
["Proprietário residente na própria UPA ",51,null,{"v":13.783783783783782,"d":"13.8"}]
["Fonte: Secretaria de Agricultura e Abastecimento, CDRS/IEA, Projeto LUPA."]
[]
["TABELA 477.5 - Área Cultivada, Município de Ribeirão Corrente, Estado de São Paulo, 2016/17."]
["CULTURA","N.DE UPAs","MÍNIMO","MÉDIO","MÁXIMO","TOTAL"]
["Cafe",312,0.7,{"v":22.55,"d":"22.6"},266.6,{"v":7035.5,"d":"7,035.5"}]
["Cana-de-acucar finalidade industria",46,8.5,{"v":59.32,"d":"59.3"},{"v":465,"d":"465.0"},{"v":2728.8,"d":"2,728.8"}]
["Braquiaria",168,0.2,{"v":10.08,"d":"10.1"},100.9,{"v":1692.8,"d":"1,692.8"}]
["Soja",5,24.9,{"v":63.26,"d":"63.3"},124.1,316.3]
["Milho safra",15,{"v":1,"d":"1.0"},{"v":11.61,"d":"11.6"},{"v":48,"d":"48.0"},174.1]
["Milho 2 safra",3,{"v":1,"d":"1.0"},{"v":43.37,"d":"43.4"},124.1,130.1]
["Eucalipto",24,0.2,{"v":4.96,"d":"5.0"},47.9,{"v":119,"d":"119.0"}]
["Capim-jaragua",3,4.8,32.6,85.5,97.8]
["Sorgo",2,31.9,35.3,38.7,70.6]
["Milho-silagem",6,{"v":1,"d":"1.0"},{"v":4.08,"d":"4.1"},{"v":7,"d":"7.0"},24.5]
["Coloniao",1,{"v":14,"d":"14.0"},{"v":14,"d":"14.0"},{"v":14,"d":"14.0"},{"v":14,"d":"14.0"}]
["Outras gramineas para pastagem",2,2.5,{"v":4.25,"d":"4.3"},{"v":6,"d":"6.0"},8.5]
["Uva rustica",2,{"v":2,"d":"2.0"},4.2,6.4,8.4]
["Banana",1,{"v":8,"d":"8.0"},{"v":8,"d":"8.0"},{"v":8,"d":"8.0"},{"v":8,"d":"8.0"}]
["Cana-de-acucar outras finalidades",6,0.3,{"v":1.15,"d":"1.2"},{"v":4,"d":"4.0"},6.9]
["Outras florestais",1,{"v":6,"d":"6.0"},{"v":6,"d":"6.0"},{"v":6,"d":"6.0"},{"v":6,"d":"6.0"}]
["Mandioca",2,0.1,{"v":2.55,"d":"2.6"},{"v":5,"d":"5.0"},5.1]
["Jilo",1,{"v":5,"d":"5.0"},{"v":5,"d":"5.0"},{"v":5,"d":"5.0"},{"v":5,"d":"5.0"}]
["Lichia",1,4.8,4.8,4.8,4.8]
["Horta domestica",4,{"v":1,"d":"1.0"},{"v":1,"d":"1.0"},{"v":1,"d":"1.0"},{"v":4,"d":"4.0"}]
["Viveiro de cafe",2,{"v":1,"d":"1.0"},{"v":1.75,"d":"1.8"},2.5,3.5]
["Seringueira",1,2.4,2.4,2.4,2.4]
["Tomate envarado",2,0.7,{"v":0.85,"d":"0.9"},{"v":1,"d":"1.0"},1.7]
["Repolho",1,{"v":1,"d":"1.0"},{"v":1,"d":"1.0"},{"v":1,"d":"1.0"},{"v":1,"d":"1.0"}]
["Feijao-vagem (ou vagem, ou feijao-verde)",1,0.5,0.5,0.5,0.5]
["Berinjela",1,0.5,0.5,0.5,0.5]
["Capim-napier (ou capim-elefante)",1,0.5,0.5,0.5,0.5]
["Pomar domestico",1,0.5,0.5,0.5,0.5]
["Pepino",1,0.4,0.4,0.4,0.4]
["Fonte: Secretaria de Agricultura e Abastecimento, CDRS/IEA, Projeto LUPA."]